Inspiration three : (Record no. 20092)
[ view plain ]
| 000 -LEADER | |
|---|---|
| fixed length control field | 00595nam a2200145 a 4500 |
| 005 - DATE AND TIME OF LATEST TRANSACTION | |
| control field | 20140310183210.0 |
| 008 - FIXED-LENGTH DATA ELEMENTS--GENERAL INFORMATION | |
| fixed length control field | 030423s19uu xx 00 eng d |
| 050 ## - LIBRARY OF CONGRESS CALL NUMBER | |
| Classification number | BR 45 |
| Item number | .In57 1973 vol.1 |
| 245 ## - TITLE STATEMENT | |
| Title | Inspiration three : |
| Statement of responsibility, etc | with a special introduction by David Poling. |
| Remainder of title | three famous classics in one book. Vol.1 / |
| 260 ## - PUBLICATION, DISTRIBUTION, ETC. (IMPRINT) | |
| Place of publication, distribution, etc | New Canaan ; |
| Name of publisher, distributor, etc | Keats Publishing, Inc., |
| Date of publication, distribution, etc | 1973. |
| 300 ## - PHYSICAL DESCRIPTION | |
| Extent | 131 p. : |
| Dimensions | 17 cm. |
| 500 ## - GENERAL NOTE | |
| General note | 1. Acres of Diamonds by Russell Conwell. -- 2. Essay on Self-Reliance by Ralph Waldo Emerson. -- 3. As A Man Thinketh by James Allen. |
| 942 ## - ADDED ENTRY ELEMENTS (KOHA) | |
| Koha item type | Books |
| Source of classification or shelving scheme | Library of Congress Classification |
| Withdrawn status | Lost status | Source of classification or shelving scheme | Damaged status | Home library | Current library | Shelving location | Date acquired | Total Checkouts | Full call number | Barcode | Date last seen | Copy number | Price effective from | Koha item type |
|---|---|---|---|---|---|---|---|---|---|---|---|---|---|---|
| Library of Congress Classification | College Library | College Library | Fiction Section | 03/02/2005 | BR 45 .In57 1973 vol.1 | C2164 | 05/08/2018 | 1 | 10/10/2013 | Books |